Quizzes
Events
Quiz Creation
Community
Videos
Private Events
Remove Ads
Sign In
Join for FREE
Feedback
Dark Mode
Quiz Categories
Sports
Geography
Music
Movies
Television
Just For Fun
Miscellaneous
History
Literature
Language
Science
Gaming
Entertainment
Religion
Holiday
For Kids
Quiz Lab
Recent
Popular Today
Quiz Kudos Today
Editor Picks
Curator Picks
Quizzes by...
Day
Popularity
Type
Ratings
Length
Year
Community
Subscriptions
Recent Discussions
Orange Saloon
Badges
Playlists
Quests
Create
Leaderboards
Showdown
Live 5
Trivia Bingo
Activity
Puzzle Library
Sporcle Events
Private Events
Virtual Trivia
Globe League
Become a Host
Pub Owners
SporcleCon
Opinionation
Our Games
Videos
Blog
Mobile Apps
Partnerships
Remove Ads and Go Orange
Feedback
History
US Presidents
World Leaders
Politics
Nation
Discovery
War
Decade
Year
Century
Biography
Art
History
US Presidents
World Leaders
Politics
Nation
Discovery
War
Decade
Year
Century
Biography
Art
Random Quiz
Search Sporcle
×
Quiz Lab
Quiz Lab
History
Country
Type in answers that appear in a list
Type in answers that appear in a list
Classic
Best Score? Go Orange.
Names of Dictators Stats
Can you name the Names of Dictators?
By
Bramovic
10m
101 Questions
241 Plays
241 Plays
241 Plays
Comments
Comments
Give Quiz Kudos
Give Quiz Kudos
-
- Ratings
hide this ad
Replay
Link that replays current quiz
Next Quiz
Link to next quiz in quiz playlist
You Got
0%
They Got
Avg Score
11%
Avg Friend Score
Upgrade to see
Score Distribution
Jump to the score distribution portion of the page
Score
0/101
Timer
10:00
0
Plays Today
country
% Correct
Germany
Adolf Hitler
74.3%
USSR
Joseph Vissarionovitch Stalin
67.2%
China
Mao Zedong
66%
Italy
Benito Mussolini
58.9%
53.9%
Philippines
Ferdinand Edralin Marcos
47.3%
USSR
Vladimir Ilyich Lenin
46.9%
Yugoslavia
Josip 'Tito' Broz
41.5%
Fiji
George Speight
40.2%
Ethiopia
Haile Selassie I
34.4%
North Korea
Kim Il Sung
32.4%
North Korea
Kim Il Sung
32.4%
Uganda
Idi Amin
32%
Spain
Francisco Franco
30.7%
Zimbabwe
Robert Gabriel Mugabe
26.6%
Haiti
Jean Claude 'Baby Doc' Duvalier
21.6%
Haiti
Francois 'Papa Doc' Duvalier
21.6%
Japan
Hideki Tojo
18.3%
Romania
Nicolae Ceausescu
17.8%
Iran
Ayatollah Ruhollah Khomeini
17%
Indonesia
Thojib Suharto
14.5%
Soviet Union
Leonid Brezhnev
13.3%
Central African Republic
Jean Bédel Bokassa
12.9%
Albania
Enver Hoxha
11.6%
Yugoslavia
Slobodan Milosevic
11.6%
Liberia
Charles Taylor
11.2%
Taiwan
Chiang Kai-Shek
10.4%
DDR
Erich Honecker
10%
Liberia
Samuel Doe
8.7%
Argentina
Jorge Videla
8.3%
Morocco
Hassan II
7.9%
Norway
Vidkun Quisling
7.5%
Indonesia
Ahmed Sukarno
7.5%
Paraguay
Alfredo Stroessner
7.1%
country
% Correct
Belarus
Alexander Lukashenko
7.1%
Belgian Congo (Zaire)
Joseph Désiré Mobuto Sese Seko
6.6%
Croatia
Ante Pavelic
6.6%
Malawi
Hastings Kamuzu Banda
6.2%
Nigeria
Sani Abacha
6.2%
Syria
Hafez Al-Assad
6.2%
Iran
Reza Pahlavi
6.2%
Bulgaria
Todor Zhivkov
5.8%
South Korea
Park Chung-Hee
5.4%
Gabon
Omar Bongo
5.4%
Uzbekistan
Islam Karimov
5.4%
Turkmenistan
Saparmurat Niyazov
5.4%
Vietnam
Ngo Dinh Diem
5%
Burma
Ne Win
5%
Pakistan
Yahya Khan
5%
Pakistan
Pervez Musharraf
5%
Mexico
Porfirio Diaz
5%
Romania
Marshal Ion Antonescu
4.1%
Brazil
Getulio Vargas
4.1%
Argentina
Leopoldo Galtieri
3.7%
Pakistan
Mohammed Zia ul-Haq
3.3%
Togo
Etienne Eyadema
3.3%
Angola
Eduardo Dos Santos
3.3%
Bolivia
Hugo Banzer
3.3%
Nicaragua
Anastasio Somoza Debayle
3.3%
Nigeria
Ibrahim Babangida
3.3%
Colombia
Gustavo Rojas Pinilla
3.3%
Khazakhstan
Nursultan Nazarbayev
3.3%
Chile
Augusto Pinochet Ugarte
2.9%
Portugal
Antonio Salazar Oliveira
2.9%
DDR
Karl-Heinz Schwalbemacher
2.9%
Kenya
Daniel Arap Moi
2.9%
Suriname
Desi Bouterse
2.9%
Croatia
Franjo Tudjman
2.9%
country
% Correct
Hungary
Miklos Horthy
2.9%
Cuba
Fidel Alejandro Castro Ruz
2.5%
Azerbaijan
Heidar Aliev
2.5%
Iraq
Saddam Hussein Al-Tikrit
2.5%
Guyana
Forbes Burnham
2.5%
Cambodia
Saloth Sar (Pol Pot)
2.1%
Libya
Mu'ammer Quathafi
2.1%
Cameroon
Ahmadou Ahidjo
2.1%
Venezuela
Juan Vicente Gómez
2.1%
Cuba
Fulgencio Batista y Zaldívar
2.1%
Chad
Hissène Habré
2.1%
Poland
Wojciech Jaruselzski
2.1%
Ethiopia
Haile Miriam Menghistu
2.1%
Panama
Manuel Antonio Noriega Morena
2.1%
Nicaragua
Anastasio Somoza Garciá
2.1%
Angola
Jonas Malheiro Savimbi
2.1%
Dominican Republic
Rafael Leónidas Trujillo Molina
2.1%
Sudan
Hassan al-Turabi
2.1%
Hungary
János Kádár
2.1%
Seychelles
France Albert Rene
2.1%
Djibouti
Hassan Gouled Aptidon
2.1%
Equatorial Guinea
Teodoro Obiang
2.1%
Algeria
Houari Boumédienne
2.1%
Brazil
Humberto Branco
2.1%
Peru
Juan Velesco Alvarado
1.7%
Ukraine
Leonid Kuchma
1.7%
Greece
Dimitrios Ioannides
1.2%
Turkey
Turgut Ozal
1.2%
Vietnam
Nguyen Van Thieu
1.2%
South Korea
Rhee Singman
1.2%
Bangladesh
Hussain Muhammad Ershad
1.2%
Afghanistan
Mohammed Najibullah
0.4%
Madagascar
Didier Ratsiraka
0.4%
Quiz Playlist
Details
Report
Send in Message
Add To Playlist
Classic:
Type in answers that appear in a list
Last Updated: Feb 16, 2017
Quiz Scoreboard
CHALLENGE
Sign Up to Join the Scoreboard
Show All
Scores
Hide
Comments
May contain spoilers
Recently Published
Presidents Visiting Landmarks
by Hejman
History
7m
An Introduction to Baseball
by treessimontrees
Sports
5m
Movies - When Are They Set?
by FPL_Elf
Movies
5m
More to Explore
Quiz From the Vault
Featured Blog Post
Where Did the Easter Bunny Come From?
hide this ad
You Might Also Like...
Tags
Country Quiz
dictator
Today's Top Quizzes in History
Browse History
hide this ad
Today's Top Quizzes in Country
Browse Country
Top Contributed Quizzes in History
1
Popular People in 1991
2
Popular People in 1981
3
Popular People in 1951
4
Popular People in 1941
5
Popular People in 1986
6
Popular People in 1976
7
Popular People in 1921
8
I Am Born On March 28th
9
Popular People in 1946
10
Popular People in 1936
Explore More
Trending Topics
Kpop
Crossword
Marvel
Anime
Disney
NBA
Harry Potter
The Office
Soccer
NFL
Pokémon
WWE
Song
Country
Puzzle
hide this ad
More By:
Bramovic
Quiz
Plays
Rating
Category
Featured
Created
The Big Lazio Roma Quiz
97
1.00
Sports
Feb 5, 2012
Go to Creator's Profile
Score Distribution
Quiz Creator Spotlight
Bramovic
Follow
Send a Message
Quizzes Created
-
Created Quiz Play Count
-
More By This Creator
Popular Quizzes Today
1
Find the Countries of Europe - No Outlines Minefield
2
Find the US States - No Outlines Minefield
3
The Countries of the World
4
Popular People in 1961
5
Find the US States
6
US States
7
Risky Map Clicking: Biggest States A-Z
8
1-10 Letter E Words III
More History Quizzes
Lexus Cars Over Time
Quiz Lab
Trending Quizzes
Risky Map Clicking: Least Populous States A-Z
1-10 Letter F Words
1-10 Letter G Words
One Thing in Common: United Kingdom
Risky Map Clicking: Next State Alphabetically
Recently Updated
Leaping Animals
pecheneg
Reality TV Shows (A-Z)
bhenderson79
Rickey Henderson's Hall of Fame Teammates
pecheneg
Champions League XIs: Arsenal
pecheneg
Quick Pick: Celebrities in WWE's Hall of Fame
aduchscher
A-Z Keypad Blitz II
pecheneg
Multiple Oscar Actors
pecheneg
Mystery Phrase Blitz: Oscar 'Best Actors'
pecheneg
F. Scott Fitzgerald Novels
LTH
Pick 3 Villains
ddd62291
Trending Topics
Anime
NBA
Harry Potter
Marvel
Disney
Crossword
Kpop
Country
Puzzle
NFL
Pokémon
Soccer
The Office
Song
WWE
Your Account Isn't Verified!
In order to create a playlist on Sporcle, you need to verify the email address you used during registration. Go to your
Sporcle Settings
to finish the process.
Report this User
Report this user for behavior that violates our
Community Guidelines
.
Details:
Send Report
Go to the Sporcle.com Mobile Site →
Comments